003540000a2200085000450024500300000030000530003050001410008365000300022477300140025410aYour home: their survival aVol.0, núm.119 ( Spring 2008), Páginas 15-18 aCampaña de ahorro: Carbon Fast para promover conciencia global de los afectados por el uso excesivo o irresponsable de los recursos, y14aRECURSOS NATURALES-AHORRO0 tTeartimes